Normal view
MARC view
Entry Uniform Title
001 - CONTROL NUMBER
- control field: 29264
003 - CONTROL NUMBER IDENTIFIER
- control field: dpl
005 - DATE AND TIME OF LATEST TRANSACTION
- control field: 20110707171302.0
008 - FIXED-LENGTH DATA ELEMENTS
- fixed length control field: 110707|||a|||||| | ||| d
040 ## - CATALOGING SOURCE
- Original cataloging agency: dpl
- Transcribing agency: dpl
130 ## - HEADING--UNIFORM TITLE
- Uniform title: Gender studies
670 ## - SOURCE DATA FOUND
- Source citation: Work cat.: (dpl)53560: Basu, Aparna. 29263, Mridula Sarabhai :, 2003
670 ## - SOURCE DATA FOUND
- Source citation: Work cat.: (dpl)53560: Basu, Aparna. 29263, Mridula Sarabhai :, 2003
